Úvod do fyziky plazmatu /

Gespeichert in:
Bibliographische Detailangaben
1. Verfasser: Chen, Francis F (Verfasst von)
Format: Buch
Veröffentlicht: Praha : Academia, 1984
Tags: Tag hinzufügen
Keine Tags, Fügen Sie das erste Tag hinzu!

MARC

LEADER 00000nam a22000003a 4500
001 stu20108
005 20150617225754.2
008 ------s1984----cs----------------------d
040 |a STU  |b slo 
041 0
044 |a cs 
080 |a 533.9 
100 1 |a Chen, Francis F  |4 aut 
245 1 |a Úvod do fyziky plazmatu /  |c [aut.]Chen,Francis F 
260 |a Praha :  |b Academia,  |c 1984 
300 |a 328 s :  |b Obr.,tab.,grafy,index 
996 |b C79346  |c C*79346  |l CCV  |s P  |a 0  |w stu20108_0001